header

Crises, labor market policy, and unemployment (Record no. 92791)

MARC details
000 -LEADER
fixed length control field 01531nam a2200373Ia 4500
100 1# - MAIN ENTRY--AUTHOR NAME
Personal name Bernal-Verdugo, Lorenzo E.
245 10 - TITLE STATEMENT
Title Crises, labor market policy, and unemployment
260 ## - PUBLICATION, DISTRIBUTION, ETC. (IMPRINT)
Place of publication [Washington, D.C.] :
Name of publisher International Monetary Fund,
Year of publication c2012.
300 ## - PHYSICAL DESCRIPTION
Number of Pages 28 p. :
Other physical details col. charts.
490 0# - SERIES STATEMENT
Series statement IMF working paper ;
500 ## - GENERAL NOTE
General note At head of title: Middle East and Central Asia Department.
General note "March 2012."
650 #0 - SUBJECT ADDED ENTRY--TOPICAL TERM
Topical Term Financial crises
Topical Term Unemployment
Topical Term Labor market
Topical Term Manpower policy.
700 1# - ADDED ENTRY--PERSONAL NAME
Personal name Furceri, Davide.
Personal name Guillaume, Dominique.
856 40 - ELECTRONIC LOCATION AND ACCESS
Uniform Resource Identifier http://site.ebrary.com/lib/rucke/Doc?id=10566257

No items available.

© 2026 Rongo University
Contact us: librarian | system librarian | Rongo university